000 00592nam a2200241Ia 4500
003 OSt
005 20220924142505.0
006 a|||||r|||| 00| 0
007 ta
008 ASM
020 _a8173390894
024 _a302178
037 _cTextual
040 _aARTS
_cARTS
_bASM
041 _2ASM
_aASM
082 _aO158,3NBA19x1, N4
100 _aBorah Dirubajyoti
_9213471
245 0 _aJatrik aru anayanya
260 _c1994
650 _aASSAMESE LITERATURE
_911738
942 _hO158,3NBA19x1, N4
_cTEXL
_2CC
999 _c450912
_d450912